[Event "Titled Tue 20th May Early"]
[Site "chess.com INT"]
[Date "2025.05.20"]
[Round "1"]
[White "Akkara, Omer"]
[Black "Zanette, Edgard Vinicius"]
[Result "1-0"]
[WhiteTitle "CM"]
[WhiteElo "2036"]
[BlackElo "2041"]
[WhiteFideId "26319802"]
[BlackFideId "2109263"]
[EventDate "2025.05.20"]

1. e4 c5 2. Nf3 d6 3. c3 Nf6 4. Be2 Nc6 5. d4 cxd4 6. cxd4 g6 7. d5 Nb8 8. Nc3
Bg7 9. Be3 O-O 10. h3 a6 11. O-O b5 12. a3 Nbd7 13. Bd4 Bb7 14. Re1 Rc8 15. Rc1
Qa5 16. Qd2 Rfd8 17. b4 Qxa3 18. Ra1 Qxb4 19. Reb1 Nxe4 20. Nxe4 Qxd2 21. Nexd2
Bxd4 22. Nxd4 Nb6 23. Bf3 Rc5 24. Nc6 Rd7 25. Re1 Nxd5 26. Bxd5 Bxc6 27. Bxc6
Rxc6 28. Nb3 e5 29. Na5 Rb6 30. Rec1 d5 31. Rc5 Kg7 32. Nb3 Rbd6 33. Re1 f6 34.
Kf1 d4 35. Ke2 e4 36. Kd2 f5 37. Ra1 d3 38. g3 h6 39. h4 Kf6 40. Rac1 g5 41.
hxg5+ hxg5 42. Rc6 f4 43. gxf4 gxf4 44. Rxd6+ Rxd6 45. Re1 Ke5 46. Nc5 Rc6 47.
Nxe4 Kd4 48. f3 Rc2+ 49. Kd1 Ra2 50. Nd6 b4 51. Re4+ Kc3 52. Rc4+ Kb3 53. Rc6 a5
54. Ne4 a4 55. Nd2+ Kb2 56. Nc4+ Kb3 57. Na5+ Ka3 58. Nc4+ Kb3 59. Nd2+ Kb2 60.
Ne4 b3 61. Kd2 Ra1 62. Nc5 a3 63. Nxd3+ Ka2 64. Nb4+ Kb2 65. Nd3+ Ka2 66. Kc3
Kb1 67. Kxb3 a2 68. Rc1# 1-0

[Event "Titled Tue 20th May Early"]
[Site "chess.com INT"]
[Date "2025.05.20"]
[Round "1"]
[White "Do Carmo, Gabriel Carckeno"]
[Black "Perossa, Nicolas"]
[Result "0-1"]
[BlackTitle "FM"]
[WhiteElo "2021"]
[BlackElo "2262"]
[WhiteFideId "22783024"]
[BlackFideId "2850520"]
[EventDate "2025.05.20"]

1. c4 e6 2. Nf3 Nf6 3. Nc3 d5 4. e3 Bd6 5. b3 O-O 6. Bb2 Re8 7. d4 b6 8. Bd3 Bb7
9. O-O a6 10. Rc1 Nbd7 11. Qe2 e5 12. dxe5 Nxe5 13. Nxe5 Bxe5 14. Nxd5 Nxd5 15.
Bxe5 Nb4 16. Rfd1 Rxe5 17. Bxh7+ Kxh7 18. Rxd8 Rxd8 19. f4 Re4 20. a3 Nd3 21.
Rf1 Nc5 22. Rf3 Nxb3 23. Rh3+ Kg8 24. Qh5 f6 25. Qh8+ Kf7 26. Qxd8 Re7 27. Qd3
Nc5 28. Qh7 Be4 29. Qh4 Rd7 30. Qh5+ Bg6 31. Qe2 Bd3 32. Qg4 Bxc4 33. Rg3 Ke8
34. Qg6+ Bf7 35. Qxg7 Rd1+ 36. Kf2 Ne4+ 37. Ke2 Nc3+ 38. Kf2 Ne4+ 39. Ke2 Nc3+
40. Kf3 Bh5+ 41. Rg4 Rf1+ 42. Kg3 Ne4+ 43. Kh3 Nf2+ 44. Kh4 Bxg4 45. Qg6+ Ke7
46. Qg7+ Ke6 47. Qg8+ Ke7 48. Qg7+ Ke6 49. Qg8+ Kd6 50. Qf8+ Kc6 51. Qxf6+ Kb7
52. h3 Bd7 53. Qd8 Bc6 54. Qd4 Ne4 55. f5 Rxf5 56. g4 Rf7 57. g5 Rh7+ 58. Kg4
Nf2+ 59. Kg3 Nxh3 60. Qf6 Rh5 61. g6 Be4 62. g7 Bd5 0-1

[Event "Titled Tue 20th May Early"]
[Site "chess.com INT"]
[Date "2025.05.20"]
[Round "1"]
[White "Nguyen Quang Anh"]
[Black "Yonal, Timur"]
[Result "1/2-1/2"]
[WhiteTitle "CM"]
[BlackTitle "FM"]
[WhiteElo "2052"]
[BlackElo "2249"]
[WhiteFideId "12432377"]
[BlackFideId "44115725"]
[EventDate "2025.05.20"]

1. d4 Nf6 2. c4 e6 3. Nc3 d5 4. cxd5 exd5 5. Bg5 c6 6. e3 Be6 7. Bd3 Bd6 8. Qc2
Nbd7 9. Nge2 Qc7 10. Nf4 O-O 11. O-O h6 12. Bxf6 Nxf6 13. Nxe6 fxe6 14. f4 Rac8
15. Rac1 Qe7 16. Na4 b6 17. Nc3 c5 18. Ne2 Rc7 19. Qd2 cxd4 20. Rxc7 Bxc7 21.
Nxd4 Bd6 22. Nf3 Bc5 23. Ne5 Rc8 24. Kh1 Nd7 25. Ng6 Qf6 26. Rc1 a5 27. a3 a4
28. g3 Re8 29. Nh4 e5 30. Bb5 Re7 31. Qxd5+ Qf7 32. Qxf7+ Kxf7 33. f5 Bxe3 34.
Re1 Bd4 35. Ng6 Bxb2 36. Nxe7 Kxe7 37. Bxd7 Kxd7 38. Re3 Kd6 39. Kg2 Kd5 40. Kf3
b5 41. Rd3+ Kc4 42. Rd7 Bxa3 43. Rxg7 Bb2 44. Ke4 a3 45. f6 a2 46. Ra7 b4 47. f7
Ba3 48. f8=Q a1=Q 49. Qc8+ Kb3 50. Qe6+ Kb2 51. Qxe5+ Kb1 52. Qxa1+ Kxa1 53. Kd3
Ka2 54. Kc4 b3 55. Kc3 b2 56. Rb7 b1=Q 57. Rxb1 Kxb1 58. Kd3 Bc1 59. Ke4 Kc2 60.
Kf5 Kd3 61. h4 Ke2 62. g4 Kf3 63. g5 hxg5 64. hxg5 Bxg5 1/2-1/2

[Event "Titled Tue 20th May Early"]
[Site "chess.com INT"]
[Date "2025.05.20"]
[Round "1"]
[White "Bruhovich, Olexandr"]
[Black "Arslanov, Shamil"]
[Result "1/2-1/2"]
[WhiteTitle "CM"]
[BlackTitle "IM"]
[WhiteElo "2208"]
[BlackElo "2410"]
[WhiteFideId "14119919"]
[BlackFideId "4192826"]
[EventDate "2025.05.20"]

1. e4 e5 2. Nf3 d5 3. Nc3 dxe4 4. Nxe4 f5 5. Nc3 e4 6. Qe2 Be7 7. Ne5 Qd4 8. f4
Nd7 9. Qh5+ g6 10. Nxg6 Ndf6 11. Qh3 hxg6 12. Qxh8 Be6 13. Nb5 Qc5 14. b4 Qb6
15. a4 a5 16. bxa5 Qxa5 17. Bb2 O-O-O 18. Bc3 Bb4 19. Qg7 Rd7 20. Qxg6 Bxc3 21.
Nxc3 Qc5 22. Qg3 Ng4 23. h3 e3 24. Rd1 exd2+ 25. Rxd2 Rxd2 26. Kxd2 N4f6 27. Bd3
Ne7 28. Re1 Bd7 29. Qg7 Qd4 30. Qxe7 c6 31. Qf8+ Kc7 32. Qe7 Qxf4+ 33. Qe3 Qb4
34. Qe5+ Qd6 35. a5 Ne4+ 36. Rxe4 fxe4 37. Qxd6+ Kxd6 38. Nxe4+ Ke5 39. g4 Kf4
40. Ke2 Bc8 41. Kf2 Ke5 42. Kf3 Kd4 43. h4 c5 44. g5 c4 45. Be2 Bf5 46. Ng3 Bxc2
47. h5 c3 48. g6 Be4+ 49. Nxe4 c2 50. g7 c1=Q 51. g8=Q Qe3+ 52. Kg2 Qxe4+ 53.
Bf3 Qc2+ 54. Kg3 Qc7+ 55. Kh3 Qd7+ 56. Bg4 Qb5 57. Qg7+ Ke3 58. Qe7+ Kf2 59.
Qf6+ Kg1 60. Qa1+ Kf2 61. Qa2+ Kg1 62. Qa1+ Kf2 63. Qd4+ Ke1 64. Qe4+ Kd2 65.
Qd4+ Ke1 66. Qe4+ Kf2 67. Qf4+ Ke1 68. Qe4+ 1/2-1/2

[Event "Titled Tue 20th May Early"]
[Site "chess.com INT"]
[Date "2025.05.20"]
[Round "1"]
[White "Duarte Cramer, Lily Jeanette"]
[Black "Naranjo Moreno, Antonio"]
[Result "1-0"]
[WhiteTitle "WCM"]
[BlackTitle "FM"]
[WhiteElo "1828"]
[BlackElo "2289"]
[WhiteFideId "29620180"]
[BlackFideId "2278626"]
[EventDate "2025.05.20"]

1. d4 Nf6 2. c4 g6 3. Nc3 Bg7 4. e4 d6 5. Be3 O-O 6. Nf3 Ng4 7. Bg5 c5 8. d5 h6
9. Bc1 e6 10. Be2 exd5 11. exd5 Re8 12. O-O Nf6 13. Bf4 Nh5 14. Be3 Nd7 15. Nd2
Nhf6 16. Bf4 Ne5 17. Nf3 Nh5 18. Bxe5 dxe5 19. Ne4 b6 20. Nfd2 Nf4 21. Nc3 f5
22. f3 Qg5 23. g3 Nh3+ 24. Kg2 Nf4+ 25. Kh1 Nh3 26. Kg2 f4 27. Nde4 Qh5 28. g4
Qh4 29. Qe1 Qxe1 30. Raxe1 Ng5 31. Nxg5 hxg5 32. Bd3 Kh7 33. Ne4 Kh6 34. h4 gxh4
35. g5+ Kh5 36. Rh1 h3+ 37. Rxh3+ Bxh3+ 38. Kxh3 Bh6 39. gxh6 Kxh6 40. Kg4 Kg7
41. Ng5 Kf6 42. Ne4+ Ke7 43. Rh1 Rh8 44. Rxh8 Rxh8 45. Kg5 Rh3 46. Be2 Rh2 47.
Nc3 Rg2+ 48. Kh4 Kf6 49. d6 Rh2+ 50. Kg4 Rg2+ 51. Kh3 Rg3+ 52. Kh2 Ke6 53. Ne4
g5 54. Nxg3 fxg3+ 55. Kxg3 Kxd6 56. Kg4 e4 57. fxe4 Ke5 58. Kxg5 Kxe4 59. b3 Ke3
60. Bg4 Kd2 61. Bd7 Kc3 62. Ba4 Kb2 63. Kf6 Kxa2 64. Ke6 a6 65. Kd6 b5 66. cxb5
axb5 67. Kxc5 bxa4 68. bxa4 Kb3 69. a5 Kc3 70. a6 Kb3 71. a7 Kc3 72. a8=Q Kb3
73. Qa5 Kc2 74. Qb4 Kd3 75. Kd5 Ke3 76. Qe4+ Kf2 77. Ke5 Kg1 78. Qe2 Kh1 79. Kf4
Kg1 80. Kg3 Kh1 81. Qg2# 1-0

[Event "Titled Tue 20th May Early"]
[Site "chess.com INT"]
[Date "2025.05.20"]
[Round "1"]
[White "Petriashvili, Nikoloz"]
[Black "King, Alexander"]
[Result "0-1"]
[WhiteTitle "IM"]
[BlackTitle "FM"]
[WhiteElo "2468"]
[BlackElo "2263"]
[WhiteFideId "13611216"]
[BlackFideId "2063620"]
[EventDate "2025.05.20"]

1. d4 d5 2. c4 e6 3. Nc3 c6 4. cxd5 exd5 5. Bf4 Bd6 6. Bg3 Ne7 7. e3 O-O 8. Nf3
Re8 9. Bd3 Bf5 10. O-O Bxg3 11. hxg3 Nd7 12. a3 a5 13. Rb1 Bxd3 14. Qxd3 a4 15.
Nd2 Nc8 16. Rfe1 Nd6 17. Qc2 Qa5 18. Rbc1 g6 19. Qd3 Nf6 20. f3 Nf5 21. g4 Nd6
22. Kf2 Kg7 23. g5 Nd7 24. g4 f6 25. gxf6+ Nxf6 26. Kg2 Re7 27. Re2 Rae8 28. Rh1
b5 29. Rh3 Qc7 30. Na2 h5 31. gxh5 Nxh5 32. Nc3 Rxe3 33. Rxe3 Nf4+ 34. Kf1 Nxd3
35. Rxd3 Nf5 36. Kf2 Rh8 37. Rxh8 Kxh8 38. Ne2 Qh2+ 39. Kf1 Nh4 40. Rc3 Kg7 41.
Rxc6 Qg2+ 42. Ke1 Nxf3+ 43. Nxf3 Qxf3 44. Rc5 Qb3 45. Nc3 Qxb2 46. Nxb5 g5 47.
Nc3 Qxa3 48. Rc7+ Kh6 49. Rc6+ Kh5 50. Ne2 g4 51. Rc8 Kg6 52. Kd2 Kf5 53. Rf8+
Ke6 54. Re8+ Kd7 55. Ra8 Qa2+ 56. Ke3 a3 57. Ra7+ Kc6 58. Nc3 Qb3 59. Kd2 g3 60.
Ra6+ Kb7 61. Rg6 g2 62. Rg7+ Kc8 63. Rg8+ Kd7 64. Rg7+ Ke6 65. Rg3 Qb2+ 66. Kd3
a2 67. Re3+ Kf5 68. Rf3+ Kg4 69. Rf8 Qxc3+ 70. Kxc3 a1=Q+ 71. Kd3 g1=Q 72. Rg8+
Kf5 73. Rf8+ Ke6 74. Re8+ Kd7 75. Re1 Qa3+ 76. Kc2 Qg2+ 77. Re2 Qxe2+ 78. Kb1
Qab2# 0-1

[Event "Titled Tue 20th May Early"]
[Site "chess.com INT"]
[Date "2025.05.20"]
[Round "1"]
[White "Mafra, Kaiser Luiz"]
[Black "Sheremetev, Vladislav"]
[Result "0-1"]
[WhiteTitle "CM"]
[BlackTitle "CM"]
[WhiteElo "2094"]
[BlackElo "2160"]
[WhiteFideId "2106698"]
[BlackFideId "54188300"]
[EventDate "2025.05.20"]

1. e4 c5 2. d4 cxd4 3. c3 dxc3 4. Nxc3 Nc6 5. Nf3 d6 6. Bc4 e6 7. O-O Nf6 8. Qe2
Be7 9. Rd1 e5 10. Bg5 O-O 11. Rac1 Bg4 12. Bxf6 Bxf6 13. Nb5 a6 14. Nxd6 Nd4 15.
Rxd4 exd4 16. Nxb7 Qb6 17. Bd5 Rac8 18. Rd1 Rc7 19. h3 Bxf3 20. Qxf3 Rxb7 21. e5
Rd7 22. exf6 Qxf6 23. Qxf6 gxf6 24. Bc4 a5 25. b3 Re8 26. Kf1 Kf8 27. Bb5 Rd5
28. Bxe8 Kxe8 29. Ke2 Kd7 30. Kd3 Kd6 31. Rc1 h5 32. Rc4 Ke5 33. a3 h4 34. f4+
Kf5 35. Rxd4 Rc5 36. b4 axb4 37. axb4 Rc1 38. Ke3 Re1+ 39. Kf2 Rb1 40. Kf3 Rb3+
41. Kf2 Rb2+ 42. Kf3 Rb3+ 43. Kf2 Rc3 44. b5 Rb3 45. Rd5+ Kxf4 46. Rd4+ Kg5 47.
Rd5+ f5 48. Rd7 f6 49. Rg7+ Kf4 50. Rh7 Rb2+ 51. Kf1 Kg3 52. Rg7+ Kh2 53. Rg6
Rxb5 54. Rxf6 Rb1+ 55. Kf2 Rb2+ 56. Kf3 Rxg2 57. Rxf5 Kxh3 58. Rh5 Ra2 59. Rh7
Ra8 60. Rh6 Rf8+ 61. Ke2 Kg3 62. Rg6+ Kh2 63. Rg4 h3 64. Ke1 Rf3 65. Ke2 Rg3 66.
Rh4 Kg2 67. Rf4 h2 68. Rf2+ Kh3 0-1

[Event "Titled Tue 20th May Early"]
[Site "chess.com INT"]
[Date "2025.05.20"]
[Round "1"]
[White "Ostensen, Nicolai Maxime"]
[Black "Aarav Sinha"]
[Result "1-0"]
[WhiteTitle "FM"]
[BlackTitle "FM"]
[WhiteElo "2283"]
[BlackElo "2255"]
[WhiteFideId "1546970"]
[BlackFideId "25674064"]
[EventDate "2025.05.20"]

1. e4 c5 2. Nf3 d6 3. Bb5+ Nd7 4. c3 a6 5. Ba4 b5 6. Bc2 c4 7. Qe2 Bb7 8. b3
cxb3 9. axb3 Ngf6 10. d4 e5 11. O-O Be7 12. d5 O-O 13. h3 Rc8 14. Be3 Qc7 15.
Rc1 Bd8 16. Nfd2 Qb8 17. c4 b4 18. Nf1 Bb6 19. Nbd2 Bxe3 20. Nxe3 Nc5 21. Nf5 g6
22. Ne7+ Kg7 23. Nxc8 Rxc8 24. Rf1 Qc7 25. Qe3 Nfd7 26. f4 exf4 27. Qxf4 Ne5 28.
Nf3 Ncd7 29. Ng5 Rf8 30. Qxf7+ Rxf7 31. Ne6+ Kg8 32. Nxc7 Nc5 33. Ne6 Nxe6 34.
dxe6 Re7 35. Ra4 Nc6 36. e5 Nd4 37. exd6 Rxe6 38. Rxb4 Bc6 39. Bd1 Rxd6 40. Rb6
a5 41. c5 Rd5 42. Rf4 Ne6 43. Rf1 Rxc5 44. Be2 Bd5 45. Bc4 Bxc4 46. bxc4 Nd4 47.
Rb8+ Kg7 48. Rb7+ Kh6 49. Rff7 Rxc4 50. Rxh7+ Kg5 51. Ra7 a4 52. Rhc7 Rb4 53.
Rab7 Rxb7 54. Rxb7 a3 55. Ra7 Nc2 56. Kf2 Kf4 57. g3+ Ke4 58. h4 Ke5 59. Kf3 Kf5
60. g4+ Ke5 61. Kg3 Ke4 62. h5 gxh5 63. gxh5 Ne3 64. Rxa3 Nd5 65. Kg4 Nf6+ 66.
Kg5 Nh7+ 67. Kg6 Nf8+ 68. Kf7 Ne6 69. Kxe6 1-0

[Event "Titled Tue 20th May Early"]
[Site "chess.com INT"]
[Date "2025.05.20"]
[Round "1"]
[White "Logachiov, Aleksandr"]
[Black "Gkavardinas, Antonios"]
[Result "0-1"]
[WhiteTitle "CM"]
[BlackTitle "FM"]
[WhiteElo "2129"]
[BlackElo "2313"]
[WhiteFideId "24123706"]
[BlackFideId "25883097"]
[EventDate "2025.05.20"]

1. Nf3 Nf6 2. c4 c5 3. Nc3 Nc6 4. e3 g6 5. d4 cxd4 6. exd4 d5 7. cxd5 Nxd5 8.
Bc4 Nxc3 9. Qb3 e6 10. bxc3 Bg7 11. Ba3 Bf8 12. Bc1 a6 13. Be2 Qd5 14. O-O Qxb3
15. axb3 Bd6 16. Bg5 O-O 17. Nd2 Be7 18. Bf4 Bd7 19. Nc4 Rad8 20. Bf3 Kg7 21.
Nb6 e5 22. Nxd7 Rxd7 23. Bxc6 bxc6 24. Bxe5+ f6 25. Bf4 g5 26. Bg3 Ra8 27. Ra5
h5 28. h4 Kg6 29. hxg5 fxg5 30. Rfa1 Rda7 31. Re5 h4 32. Bh2 Kf7 33. f3 a5 34.
Ra4 Bf6 35. Re2 Rc8 36. Be5 Be7 37. Rea2 Rca8 38. b4 Bd8 39. bxa5 Bxa5 40. c4
Ke6 41. Kh2 c5 42. Kh3 Kf5 43. R4a3 Ra6 44. Ra4 R6a7 45. R4a3 Bb6 46. Rxa7 Rxa7
47. Rxa7 Bxa7 48. Bg7 cxd4 49. Kh2 d3 50. Bc3 Be3 51. g4+ hxg3+ 52. Kxg3 d2 53.
Bxd2 Bxd2 54. c5 Bb4 55. c6 Bd6+ 56. Kg2 Kf4 57. Kf2 Bc7 58. Kg2 Bb6 59. Kh3
Kxf3 60. c7 g4+ 61. Kh4 Bxc7 0-1

[Event "Titled Tue 20th May Early"]
[Site "chess.com INT"]
[Date "2025.05.20"]
[Round "1"]
[White "Christie, Joshua"]
[Black "Subervi, Jonathan Sigfredo"]
[Result "1-0"]
[WhiteTitle "FM"]
[BlackTitle "FM"]
[WhiteElo "2213"]
[BlackElo "2039"]
[WhiteFideId "7402074"]
[BlackFideId "6400345"]
[EventDate "2025.05.20"]

1. Nf3 d5 2. b3 Nf6 3. Bb2 g6 4. g3 Bg7 5. Bg2 O-O 6. O-O c5 7. e3 Nc6 8. d4
cxd4 9. Nxd4 Qc7 10. Nxc6 bxc6 11. Nd2 h5 12. c4 h4 13. Rc1 Qa5 14. a3 hxg3 15.
hxg3 Bg4 16. Qc2 Rac8 17. b4 Qa6 18. e4 Rfd8 19. exd5 cxd5 20. c5 d4 21. Rfe1 e6
22. Qc4 Qxc4 23. Rxc4 d3 24. c6 Be2 25. b5 Nd5 26. Bxg7 Kxg7 27. a4 Nb6 28. Rb4
Nd5 29. Rd4 Nc3 30. Rxd8 Rxd8 31. Ra1 Rc8 32. Nc4 f5 33. Bf1 Kf6 34. f4 g5 35.
Kf2 gxf4 36. gxf4 Rh8 37. Bxe2 dxe2 38. b6 axb6 39. Nxb6 Rh2+ 40. Kg3 Rh7 41.
Rc1 Rg7+ 42. Kf2 Ne4+ 43. Kxe2 Rg2+ 44. Kf3 Ra2 45. c7 Ra3+ 46. Ke2 Ra2+ 47. Ke3
Ra3+ 48. Kd4 Nd6 49. c8=Q Nxc8 50. Rxc8 Rf3 51. Rc4 Rxf4+ 52. Kc5 Rf3 53. Nd7+
Ke7 54. Ne5 Ra3 55. Nc6+ Kf6 56. a5 e5 57. Kd5 e4 58. Kd4 Rd3+ 59. Kc5 Ra3 60.
Kb4 Ra1 61. Nd4 Ke5 62. Nb3 Ra2 63. Rc5+ Ke6 64. Rc6+ Kd5 65. Rc5+ Kd6 66. Rxf5
e3 67. Rf3 e2 68. Re3 Kd5 69. Re8 Kd6 70. Nc1 Ra1 71. Nxe2 Rb1+ 72. Kc4 Rc1+ 73.
Kb5 Rb1+ 74. Ka6 Rd1 75. Nc3 Ra1 76. Nb5+ Kc6 77. Rc8+ Kd7 78. Rb8 Kc6 79. Rb6+
Kd7 80. Nc3 Kc7 81. Nd5+ Kd7 82. Nb4 Ra3 83. Kb5 Ra1 84. Rc6 Ra3 85. Rc5 Ra1 86.
a6 1-0

[Event "Titled Tue 20th May Early"]
[Site "chess.com INT"]
[Date "2025.05.20"]
[Round "1"]
[White "Prokhorov, Aleksey"]
[Black "Kis, Lorand Bela"]
[Result "0-1"]
[WhiteTitle "FM"]
[WhiteElo "2258"]
[BlackElo "1955"]
[WhiteFideId "34394273"]
[BlackFideId "2024098"]
[EventDate "2025.05.20"]

1. Nf3 g6 2. g3 Bg7 3. Bg2 d6 4. O-O Bd7 5. d3 Qc8 6. e4 Bh3 7. c3 h5 8. Bxh3
Qxh3 9. Ng5 Qc8 10. h4 f6 11. Nf3 g5 12. hxg5 h4 13. Nxh4 fxg5 14. Bxg5 Bf6 15.
Bxf6 Nxf6 16. Qf3 Qh3 17. Qg2 Rxh4 18. gxh4 Qxh4 19. Qg6+ Kd7 20. Kg2 Nc6 21.
Rh1 Qf4 22. Qf5+ Qxf5 23. exf5 Ne5 24. d4 Rg8+ 25. Kf1 Nd3 26. Nd2 Nxb2 27. Ke2
Na4 28. Rh3 b5 29. Rb1 a6 30. Rf3 Nd5 31. Rb3 c5 32. dxc5 dxc5 33. c4 Nab6 34.
cxb5 axb5 35. Rxb5 Kc6 36. Rb1 Rg4 37. Rc1 Ra4 38. a3 Kb5 39. Rb3+ Kc6 40. Rh3
Nf4+ 41. Kf3 Nxh3 42. Kg3 Nf4 43. Ra1 Ne2+ 44. Kf3 Nc3 45. Kg3 Nb5 46. Re1 Rxa3+
47. f3 Kd7 48. Ne4 Nd4 49. Nxc5+ Kc6 50. Ne6 Nxf3 51. Rc1+ Kd6 52. Kf4 Nd5+ 53.
Ke4 Nd2+ 54. Kd4 Nb3+ 55. Kd3 Nxc1+ 56. Kc2 Ne2 57. Kb2 Rh3 58. Kc2 Nef4 59. Kd2
Nxe6 60. fxe6 Kxe6 61. Ke2 Ke5 62. Kf2 Re3 63. Kg2 Kf4 64. Kf2 e5 65. Kg2 e4 66.
Kf2 Rd3 67. Kg2 Rf3 68. Kg1 e3 69. Kg2 e2 70. Kh2 Kg4 71. Kg2 Nf4+ 72. Kh2 Ng6
73. Kg2 Rf6 74. Kh2 Kf4 75. Kg2 e1=Q 76. Kh2 Ke3 77. Kh3 Ne7 78. Kg4 Qg1+ 79.
Kh5 Rf2 80. Kh6 Rh2# 0-1

[Event "Titled Tue 20th May Early"]
[Site "chess.com INT"]
[Date "2025.05.20"]
[Round "1"]
[White "Timofeev, Artyom"]
[Black "Gnechko, Ruslan"]
[Result "1/2-1/2"]
[WhiteTitle "GM"]
[WhiteElo "2548"]
[BlackElo "2132"]
[WhiteFideId "4140419"]
[BlackFideId "14135868"]
[EventDate "2025.05.20"]

1. c4 e6 2. Nc3 d5 3. e3 Nf6 4. Nf3 Be7 5. b3 b6 6. Bb2 Bb7 7. Be2 O-O 8. O-O c5
9. d4 cxd4 10. Nxd4 Nc6 11. Rc1 Rc8 12. Nf3 dxc4 13. Bxc4 h6 14. Qe2 Bc5 15.
Rfd1 Qe7 16. Ba6 Rfd8 17. Bxb7 Qxb7 18. h3 a6 19. Nb1 Be7 20. Nbd2 Nb4 21. Rxc8
Rxc8 22. Nc4 b5 23. Bxf6 gxf6 24. Nd6 Bxd6 25. Rxd6 Rc2 26. Rd2 Qc7 27. Rxc2
Qxc2 28. Qxc2 Nxc2 29. Kf1 Nb4 30. a3 Nc2 31. a4 bxa4 32. bxa4 Kf8 33. Ke2 Ke7
34. Kd3 Nb4+ 35. Kc4 Nd5 36. Kc5 Kd7 37. a5 Kc7 38. Nd2 f5 39. Nc4 Nc3 40. f3 f6
41. h4 Nd1 42. Kd4 Kc6 43. h5 Nf2 44. Nd2 e5+ 45. Kc4 Nd1 46. Nf1 Nb2+ 47. Kc3
Na4+ 48. Kb4 Nc5 49. Ng3 Nd3+ 50. Kc3 f4 51. Nf5 Ne1 52. Nxh6 Nxg2 53. Ng4 fxe3
54. Kd3 e2 55. Kxe2 Nf4+ 56. Ke3 Nxh5 57. Ke4 Kd6 58. Kf5 Ke7 59. Ne3 Ng3+ 60.
Kg6 Ke6 61. Nc2 e4 62. f4 f5 63. Ne3 Kd6 64. Kg5 Kc5 65. Kh4 Kd4 66. Nc2+ Kd3
67. Nb4+ Kd2 68. Kxg3 e3 69. Kf3 e2 70. Nc2 Kxc2 71. Kxe2 Kb3 72. Kd3 Kb4 73.
Kd4 Kxa5 74. Ke5 Kb4 75. Kxf5 a5 76. Kg6 a4 77. f5 a3 78. f6 a2 79. f7 a1=Q 80.
f8=Q+ Kb3 81. Qf7+ Kb2 82. Qf6+ Kb1 83. Qxa1+ Kxa1 1/2-1/2

[Event "Titled Tue 20th May Early"]
[Site "chess.com INT"]
[Date "2025.05.20"]
[Round "1"]
[White "Purtseladze, Maka"]
[Black "Ashraf, Artin"]
[Result "0-1"]
[WhiteTitle "IM"]
[BlackTitle "FM"]
[WhiteElo "2261"]
[BlackElo "2407"]
[WhiteFideId "13602659"]
[BlackFideId "22514805"]
[EventDate "2025.05.20"]

1. d4 d5 2. c4 c6 3. Nf3 e6 4. e3 f5 5. Nc3 Bd6 6. Bd3 Nh6 7. O-O O-O 8. b3 Nd7
9. Bb2 Nf6 10. Ne2 Bd7 11. Ne5 Be8 12. Nf4 Qe7 13. Be2 Nf7 14. Nfd3 g5 15. f4
Ne4 16. Bh5 Nxe5 17. Nxe5 Bxh5 18. Qxh5 Bxe5 19. fxe5 g4 20. a3 Nd2 21. Bc3 Nxf1
22. Bb4 Qf7 23. Qg5+ Qg6 24. Qxg6+ hxg6 25. Rxf1 Rf7 26. Bd6 Rh7 27. g3 Kf7 28.
Rf2 Rah8 29. Rc2 Ke8 30. Bc5 b6 31. Bd6 Kd7 32. c5 bxc5 33. Bxc5 a5 34. b4 axb4
35. Bxb4 Ra8 36. Bc5 Rhh8 37. Bd6 Ra7 38. Rb2 Rha8 39. Bc5 Rxa3 40. Bxa3 Rxa3
41. Kf2 Ra7 42. Kg2 Rc7 43. Rc2 c5 44. dxc5 Kc6 45. h3 gxh3+ 46. Kxh3 Rh7+ 47.
Kg2 Ra7 48. Kf3 g5 49. g4 Rf7 50. Kg3 fxg4 51. Kxg4 Rf5 52. Kg3 Rxe5 53. Kf3 Re4
54. Rc1 g4+ 55. Kf2 Rc4 56. Rh1 Kxc5 57. Ke2 Kd6 58. Kd3 Ra4 59. Rh7 g3 60. Rg7
g2 61. Rg8 Ra3+ 62. Ke2 Ra2+ 63. Kf3 Kc5 64. Rc8+ Kb4 65. Rc1 Rc2 66. Rg1 Kc3
67. e4 d4 68. e5 d3 69. Ke3 Re2+ 70. Kf3 Kd4 71. Rd1 Kxe5 72. Rxd3 g1=Q 73. Kxe2
Ke4 74. Rd1 Qg2+ 75. Ke1 Ke3 76. Rd3+ Kxd3 0-1

[Event "Titled Tue 20th May Early"]
[Site "chess.com INT"]
[Date "2025.05.20"]
[Round "1"]
[White "Piesik, Piotr"]
[Black "Suvradeepta, Das"]
[Result "1-0"]
[WhiteTitle "IM"]
[BlackTitle "FM"]
[WhiteElo "2436"]
[BlackElo "2254"]
[WhiteFideId "1136194"]
[BlackFideId "5058031"]
[EventDate "2025.05.20"]

1. Nf3 Nf6 2. g3 b6 3. Bg2 Bb7 4. O-O e6 5. c4 Be7 6. Nc3 O-O 7. d3 d6 8. e4
Nbd7 9. Ne1 Ne8 10. f4 f5 11. exf5 Bxg2 12. Nxg2 exf5 13. d4 g6 14. Qf3 Bf6 15.
Be3 Bg7 16. Rfe1 Nef6 17. h3 Re8 18. Bf2 Nf8 19. d5 a5 20. g4 fxg4 21. hxg4 N8d7
22. Nb5 Nc5 23. Nd4 Nfe4 24. Rad1 Nxf2 25. Qxf2 Qf6 26. g5 Qf7 27. b3 Re4 28.
Ne6 Re8 29. Rxe4 Nxe4 30. Qe3 Nc5 31. Re1 Qf5 32. Kh2 Nxe6 33. dxe6 Re7 34. Kg3
h6 35. gxh6 Bxh6 36. Nh4 Qh5 37. Qf3 Qxf3+ 38. Nxf3 Kg7 39. Kg4 Kf6 40. Nd4 Bg7
41. Rh1 c5 42. Nb5 Rxe6 43. Rh7 Re2 44. Nc7 Rg2+ 45. Kf3 Rxa2 46. Ne8+ Kf7 47.
Nxd6+ Kg8 48. Rh3 Rb2 49. Ke4 Bd4 50. Nb5 Rd2 51. Rg3 Kg7 52. Nc7 Rb2 53. Ne6+
Kf6 54. Nxd4 cxd4 55. Kxd4 Ra2 56. Kd5 Kf5 57. Rg5+ Kf6 58. Kc6 Rb2 59. Rb5 a4
60. bxa4 Rc2 61. Rb4 Kf5 62. Kxb6 Kxf4 63. c5+ Ke5 64. Rg4 Kf5 65. Rg1 g5 66. c6
Ra2 67. c7 Rb2+ 68. Ka7 Rc2 69. Kb7 Rb2+ 70. Kc6 Rc2+ 71. Kd7 Rd2+ 72. Kc8 g4
73. a5 Kf4 74. a6 1-0

[Event "Titled Tue 20th May Early"]
[Site "chess.com INT"]
[Date "2025.05.20"]
[Round "1"]
[White "Onyshchuk, Volodymyr"]
[Black "Reefat, Bin-Sattar"]
[Result "1/2-1/2"]
[WhiteTitle "GM"]
[BlackTitle "GM"]
[WhiteElo "2602"]
[BlackElo "2331"]
[WhiteFideId "14114038"]
[BlackFideId "10200207"]
[EventDate "2025.05.20"]

1. e4 e6 2. d4 d5 3. Bd3 dxe4 4. Bxe4 Nf6 5. Bf3 c5 6. Ne2 Nc6 7. Be3 e5 8.
Bxc6+ bxc6 9. dxe5 Qxd1+ 10. Kxd1 Ng4 11. Nd2 Nxe3+ 12. fxe3 Be7 13. Nf4 Bg4+
14. Nf3 g5 15. Nd3 c4 16. Nf2 O-O-O+ 17. Ke2 Bf5 18. Nd4 Bd7 19. g4 h5 20. h3 c5
21. Nf5 Bxf5 22. gxf5 Rd5 23. e4 Rxe5 24. Rad1 Rd8 25. Kf3 f6 26. b3 Bf8 27.
Rxd8+ Kxd8 28. bxc4 Re7 29. Rb1 Kc7 30. Nd3 Rd7 31. e5 fxe5 32. Nxe5 Rd4 33. Nd3
Rxc4 34. Rg1 Be7 35. Re1 g4+ 36. hxg4 hxg4+ 37. Kg2 Bh4 38. Re2 Rc3 39. Ne5 Rg3+
40. Kf1 Bf6 41. c4 a5 42. Kf2 Bh4 43. Kf1 Bf6 44. a4 Bh4 45. Rh2 Bf6 46. Rh7+
Kd6 47. Nf7+ Kc6 48. Ke2 Rf3 49. Nh6 Rf4 50. Rf7 Bd4 51. Re7 g3 52. Re6+ Kd7 53.
Rg6 Rf2+ 54. Kd3 g2 55. Ng4 Rf3+ 56. Ke4 g1=Q 57. Ne5+ Bxe5 58. Rxg1 Rf4+ 59.
Kxe5 Rxc4 60. Rg7+ Ke8 61. Ke6 Re4+ 62. Kf6 Rxa4 63. Rg8+ Kd7 64. Ra8 c4 65. Ke5
c3 66. Ra7+ Kc6 67. Ra8 Kb7 68. Rh8 c2 69. Rh1 Rc4 70. Rc1 Kc6 71. f6 Kd7 72.
Kd5 Rc8 73. Kd4 Ke6 74. Kd3 Kxf6 75. Rxc2 Rxc2 76. Kxc2 Ke5 77. Kb3 Kd5 78. Ka4
Kc5 79. Kxa5 1/2-1/2